000 00691nam a2200229Ia 4500
003 OSt
005 20251208123554.0
008 210716s1996 xx 000 0 und d
020 _a8170296730
040 _cAIMIT LIBRARY
041 _aeng
082 _a006.37
_21
_bCOOD
100 _aCooper, Deborah L.
_9248245
245 _aDeveloping utilities in visual basic /
_cBy Deborah L Cooper.
250 _a1st ed.
260 _aNew Delhi :
_bBPB Publications ,
_c1996.
300 _axii,136p. ;
_bPB
_c21.8 cm
650 _aCreating protect in visual basic
_9248246
650 _aProgram listing
_9248247
650 _aMonitoring key strokes
_9248248
942 _2ddc
_cBK
_e1st
_k006.37 COOD
999 _c183088
_d183088